Joueurs de football français aux Jeux Olympique de Paris 2024 - Statistiques

Statistiques générales
  • Ce quiz a été pris 97 fois
  • Le résultat moyen est 13 sur 23
Statistiques - réponses
Poste Nombre de matchs joués Numéro Club Joueurs % Correct
Gardiens 5 16 Toulouse FC Guillaume Restes
88%
Attaquants 3 18 Olympique Lyonnais Rayan Cherki
85%
Sélectionneur - - - Thierry Henry
82%
Attaquants 5 10 Olympique Lyonnais Alexandre Lacazette
78%
Attaquants 6 7 Bayern Munich Michael Olise
78%
Défenseurs 6 2 RB Leipzig Castello Lukeba
76%
Attaquants 6 14 Crystal Palace Jean-Philippe Mateta
76%
Défenseurs 6 4 Séville FC Loïc Badé
69%
Milieux de terrain 4 6 Borussia Mönchengladbach Manu Koné
68%
Milieux de terrain 5 11 Stade Rennais Désiré Doué
66%
Milieux de terrain 6 8 AS Monaco Maghnes Akliouche
65%
Attaquants 6 9 Stade Rennais Arnaud Kalimuendo
63%
Défenseurs 5 3 Stade Rennais Adrien Truffert
62%
Milieux de terrain 4 12 VfB Stuttgart Enzo Millot
54%
Défenseurs 3 15 Stade Brestois Bradley Locko
44%
Milieux de terrain 6 13 Montpellier HSC Joris Chotard
43%
Gardiens 1 1 Paris FC Obed Nkambadio
29%
Défenseurs 5 17 AS Monaco Soungoutou Magassa
29%
Réservistes 2 20 RC Lens Andy Diouf
28%
Réservistes 1 21 Olympique Lyonnais Johann Lepenant
26%
Réservistes 1 19 AS Monaco Chrislain Matsima
25%
Réservistes 0 - AJ Auxerre Théo De Percin
18%
Défenseurs 5 5 SC Fribourg Kiliann Sidillia
16%
Aucun quiz correspondant
Distribution des résultats
% des personnes avec chaque résultat
Percentile par nombre de réponses
Votre historique - résultats
Vous n’avez pas pris ce quiz